[Event "ROM-chTA"]
[Site "Olanesti"]
[Date "2012.10.10"]
[Round "5.3"]
[White "Patrascu, Andrei"]
[Black "Posedaru, Bogdan Stefan"]
[Result "1/2-1/2"]
[WhiteElo "2238"]
[BlackElo "2318"]
[PlyCount "66"]
[EventDate "2012.10.06"]
[EventType "team-tourn"]
[EventRounds "9"]
[EventCountry "ROU"]
[SourceTitle "CBM 150 Extra"]
[Source "ChessBase"]
[SourceDate "2012.10.19"]
[SourceVersion "1"]
[SourceVersionDate "2012.10.19"]
[SourceQuality "1"]
[WhiteTeam "Bucharest"]
[BlackTeam "Ploiesti"]
[WhiteTeamCountry "ROU"]
[BlackTeamCountry "ROU"]

1. e4 c5 2. Nf3 Nc6 3. Nc3 g6 4. d4 cxd4 5. Nxd4 Bg7 6. Be3 Nf6 7. Bc4 0-0 8. Bb3 a5 9. a4 Ng4 10. Qxg4 Nxd4 11. Bxd4 Bxd4 12. Qg3 d6 13. 0-0-0 Bg7 14. h4 Be6 15. Bxe6 fxe6 16. h5 Qe8 17. hxg6 Qxg6 18. Qxg6 hxg6 19. f3 Bxc3 20. bxc3 Kg7 21. Kd2 Rfc8 22. Rb1 Rc7 23. Rb3 Rac8 24. Rhb1 Kf6 25. Ra3 d5 26. Rb5 dxe4 27. fxe4 Rd8+ 28. Ke3 Rd1 29. Rab3 Rc4 30. Rxa5 Re1+ 31. Kd3 Rexe4 32. Rxb7 Rxa4 33. Rxa4 Rxa4 1/2-1/2

[Event "ROM-chTA"]
[Site "Olanesti"]
[Date "2012.10.07"]
[Round "2.2"]
[White "Patrascu, Andrei"]
[Black "Pop, Alexandru"]
[Result "1/2-1/2"]
[WhiteElo "2238"]
[BlackElo "2239"]
[PlyCount "109"]
[EventDate "2012.10.06"]
[EventType "team-tourn"]
[EventRounds "9"]
[EventCountry "ROU"]
[SourceTitle "CBM 150 Extra"]
[Source "ChessBase"]
[SourceDate "2012.10.19"]
[SourceVersion "1"]
[SourceVersionDate "2012.10.19"]
[SourceQuality "1"]
[WhiteTeam "Bucharest"]
[BlackTeam "Otopeni"]
[WhiteTeamCountry "ROU"]
[BlackTeamCountry "ROU"]

1. e4 e5 2. Nf3 Nc6 3. Bc4 Bc5 4. c3 Nf6 5. d3 0-0 6. 0-0 d6 7. b4 Bb6 8. a4 a5 9. b5 Ne7 10. Be3 Bxe3 11. fxe3 Ng6 12. Nbd2 Qe7 13. Qc2 Nh5 14. Rf2 Kh8 15. h3 h6 16. Kh2 Nf6 17. Nf1 Nh7 18. Ng3 f5 19. exf5 Bxf5 20. Nxf5 Rxf5 21. Bd5 Rb8 22. d4 Rf6 23. Be4 Nhf8 24. Raf1 d5 25. Bxg6 Nxg6 26. Nxe5 Nxe5 27. Rxf6 gxf6 28. dxe5 Qxe5+ 29. g3 Rg8 30. Qf2 Rg6 31. Rc1 Rg5 32. Qf4 Kg7 33. Qxe5 Rxe5 34. c4 Rxe3 35. cxd5 Re7 36. Kg2 Kf7 37. Kf3 Ke8 38. Kf4 Kd7 39. Kf5 Re3 40. Rg1 Ke7 41. Kg6 Ra3 42. Kxh6 Rxa4 43. Kg6 Rb4 44. g4 Rxb5 45. Re1+ Kf8 46. Rc1 Rxd5 47. Rxc7 b5 48. Kxf6 Rd6+ 49. Ke5 Rb6 50. Ra7 a4 51. h4 b4 52. Rxa4 b3 53. Ra1 b2 54. Rb1 Kg7 55. Kd4 1/2-1/2

[Event "ROM-chT Div-A"]
[Site "Slanic Moldova"]
[Date "2011.10.06"]
[Round "6"]
[White "Patrascu, Andrei"]
[Black "Dragomirescu, Angela"]
[Result "0-1"]
[WhiteElo "2233"]
[BlackElo "2216"]
[PlyCount "66"]
[EventDate "2011.10.03"]
[EventType "team-tourn"]
[EventRounds "9"]
[EventCountry "ROU"]
[SourceTitle "CBM 144 Extra"]
[Source "ChessBase"]
[SourceDate "2011.10.28"]
[SourceVersion "1"]
[SourceVersionDate "2011.10.28"]
[SourceQuality "1"]

1. e4 d6 2. d4 Nf6 3. Nc3 e5 4. Nf3 Nbd7 5. Bc4 Be7 6. 0-0 0-0 7. Re1 a6 8. a4 b6 9. Ba2 c6 10. h3 Bb7 11. Be3 Qc7 12. Qd2 Rfe8 13. Rad1 b5 14. dxe5 dxe5 15. Ng5 Rf8 16. axb5 axb5 17. Bb3 Nc5 18. Bxc5 Bxc5 19. Qe2 Qe7 20. Rd3 Ba6 21. Ra1 b4 22. Rxa6 Rxa6 23. Na4 Raa8 24. Rg3 Ba7 25. h4 Rad8 26. h5 h6 27. Nh3 Qd7 28. c3 Qd2 29. Qf3 Rd6 30. cxb4 Qe1+ 31. Kh2 Qxe4 32. Nc5 Qxf3 33. Rxf3 Rd4 0-1

[Event "ROM-chT Div-A"]
[Site "Slanic Moldova"]
[Date "2011.10.04"]
[Round "2"]
[White "Florea, Leonard Gelu"]
[Black "Patrascu, Andrei"]
[Result "0-1"]
[WhiteElo "2003"]
[BlackElo "2233"]
[PlyCount "42"]
[EventDate "2011.10.03"]
[EventType "team-tourn"]
[EventRounds "9"]
[EventCountry "ROU"]
[SourceTitle "CBM 144 Extra"]
[Source "ChessBase"]
[SourceDate "2011.10.28"]
[SourceVersion "1"]
[SourceVersionDate "2011.10.28"]
[SourceQuality "1"]

1. d4 d5 2. c4 e6 3. Nf3 Nf6 4. g3 c6 5. Bg2 Bb4+ 6. Bd2 Be7 7. 0-0 0-0 8. Qc2 b6 9. Ne5 Nfd7 10. Nxc6 Nxc6 11. cxd5 Nxd4 12. Qd3 Bf6 13. Bc3 Nc5 14. Qd1 e5 15. f4 Bg4 16. fxe5 Nxe2+ 17. Kf2 h5 18. exf6 Nxc3 19. Qd4 Ne2 20. Qd2 Qxf6+ 21. Ke1 Qe5 0-1

[Event "Martisor Cup op"]
[Site "Bucharest"]
[Date "2002.03.04"]
[Round "6"]
[White "Patrascu, Andrei"]
[Black "Voiteanu, Christian Gabriel"]
[Result "0-1"]
[WhiteElo "2255"]
[BlackElo "2097"]
[PlyCount "78"]
[EventDate "2002.03.01"]
[EventType "swiss"]
[EventRounds "9"]
[EventCountry "ROU"]
[SourceTitle "CBM 087 Extra"]
[Source "ChessBase"]
[SourceDate "2002.05.03"]
[SourceVersion "2"]
[SourceVersionDate "2002.08.09"]
[SourceQuality "1"]

1. e4 e5 2. Nf3 Nf6 3. Nxe5 d6 4. Nf3 Nxe4 5. d4 d5 6. Bd3 Be7 7. 0-0 Nc6 8. Re1 Bg4 9. c3 f5 10. Qb3 0-0 11. Nbd2 Kh8 12. Qxb7 Rf6 13. Qb3 Rg6 14. Bb5 Bh4 15. g3 Nxd2 16. Nxd2 f4 17. Nf1 fxg3 18. hxg3 Ne7 19. Bf4 Rb8 20. Qa4 Qc8 21. Bd3 Bf5 22. Qc2 Bxd3 23. Qxd3 Rxb2 24. Re5 Bf6 25. Re2 Rxe2 26. Qxe2 c5 27. Rb1 Nc6 28. Rb7 Be5 29. Rf7 Kg8 30. Qf3 Kxf7 31. Bxe5+ Kg8 32. Qxd5+ Qe6 33. Qxc5 Nxe5 34. dxe5 Rh6 35. Nd2 Qc6 36. Qxc6 Rxc6 37. c4 Ra6 38. Kf1 Rxa2 39. Ke2 Kf8 0-1

[Event "Centrocoop op"]
[Site "Eforie Nord"]
[Date "2000.??.??"]
[Round "?"]
[White "Bodnar, Ovidiu"]
[Black "Patrascu, Andrei"]
[Result "1/2-1/2"]
[WhiteElo "2160"]
[BlackElo "2215"]
[PlyCount "53"]
[EventDate "2000.??.??"]
[EventType "swiss"]
[EventRounds "9"]
[EventCountry "ROU"]
[SourceTitle "EXT 2004"]
[Source "ChessBase"]
[SourceDate "2003.11.25"]
[SourceVersion "1"]
[SourceVersionDate "2003.11.25"]
[SourceQuality "1"]

1. d4 d5 2. c4 e6 3. Nc3 Nf6 4. Bg5 Be7 5. e3 0-0 6. Nf3 Nbd7 7. cxd5 exd5 8. Bd3 Re8 9. Qc2 Nf8 10. 0-0 c6 11. Rab1 Bg4 12. Ne5 Bh5 13. b4 a6 14. a4 Ng4 15. Bxe7 Qxe7 16. Nxg4 Bxg4 17. b5 axb5 18. axb5 Qg5 19. Ne2 Re6 20. Ng3 h5 21. Bf5 Bxf5 22. Qxf5 Qxf5 23. Nxf5 Ra2 24. bxc6 bxc6 25. Rb7 Rc2 26. Rc7 Ng6 27. Ng3 1/2-1/2

[Event "Centrocoop op"]
[Site "Eforie Nord"]
[Date "2000.??.??"]
[Round "?"]
[White "Patrascu, Andrei"]
[Black "Pantis Simut, Marin"]
[Result "1-0"]
[WhiteElo "2215"]
[BlackElo "1720"]
[PlyCount "67"]
[EventDate "2000.??.??"]
[EventType "swiss"]
[EventRounds "9"]
[EventCountry "ROU"]
[SourceTitle "EXT 2004"]
[Source "ChessBase"]
[SourceDate "2003.11.25"]
[SourceVersion "1"]
[SourceVersionDate "2003.11.25"]
[SourceQuality "1"]

1. e4 e5 2. Nf3 Nf6 3. Nxe5 d6 4. Nf3 Nxe4 5. d4 d5 6. Bd3 Be7 7. 0-0 0-0 8. c4 c6 9. Nc3 Nxc3 10. bxc3 Nd7 11. cxd5 cxd5 12. Bf4 h6 13. Re1 Nf6 14. Rb1 Bd6 15. Ne5 Qc7 16. Qd2 Ne4 17. Bxe4 dxe4 18. Qe3 f6 19. Ng6 Bxf4 20. Nxf4 Re8 21. Rec1 b6 22. c4 Bb7 23. c5 bxc5 24. Rxc5 Qd7 25. Qb3+ Kh7 26. Qxb7 Qxd4 27. Rc7 f5 28. Ne6 Rxe6 29. Qxa8 Rb6 30. Rf1 e3 31. fxe3 Qxe3+ 32. Kh1 Rb2 33. Qf3 Qe6 34. Rxa7 1-0

[Event "Centrocoop op"]
[Site "Eforie Nord"]
[Date "2000.??.??"]
[Round "?"]
[White "Patrascu, Andrei"]
[Black "Sebe Vodislav, Razvan Alex"]
[Result "1-0"]
[WhiteElo "2215"]
[BlackElo "2300"]
[PlyCount "133"]
[EventDate "2000.??.??"]
[EventType "swiss"]
[EventRounds "9"]
[EventCountry "ROU"]
[SourceTitle "EXT 2004"]
[Source "ChessBase"]
[SourceDate "2003.11.25"]
[SourceVersion "1"]
[SourceVersionDate "2003.11.25"]
[SourceQuality "1"]

1. e4 c5 2. Nf3 d6 3. d4 cxd4 4. Nxd4 Nf6 5. Nc3 g6 6. Be3 Bg7 7. f3 0-0 8. Qd2 Nc6 9. Bc4 Bd7 10. h4 h5 11. 0-0-0 Ne5 12. Bb3 Rc8 13. Bg5 Rc5 14. Kb1 Re8 15. Rhe1 Qc8 16. f4 Neg4 17. Nf3 Be6 18. e5 dxe5 19. fxe5 Nh7 20. Bf4 Bxb3 21. axb3 Nf8 22. Ne4 Rc6 23. Nd4 Ra6 24. Ng5 Qc5 25. b4 Qd5 26. Nb3 Qxd2 27. Rxd2 Rc6 28. g3 Rcc8 29. Nc5 b6 30. Nd7 Ne6 31. Nxe6 fxe6 32. b3 Red8 33. c4 Kf7 34. c5 Ke8 35. Red1 bxc5 36. bxc5 Nf2 37. Rxf2 Rxd7 38. Rxd7 Kxd7 39. Rd2+ Kc6 40. Kb2 a5 41. Ka3 Kb5 42. Rd7 Rxc5 43. Rxe7 Bf8 44. Rb7+ Ka6 45. Rf7 Rc8+ 46. Kb2 Bb4 47. Rf6 Rc6 48. Rxg6 Kb5 49. g4 Bc3+ 50. Ka2 Bd4 51. gxh5 Rc2+ 52. Kb1 Rb2+ 53. Kc1 Rf2 54. Bg3 Rf5 55. Rxe6 Rxh5 56. Kd2 Kb4 57. Kd3 Bc5 58. Rc6 Rh8 59. Be1+ Kb5 60. Rc7 Re8 61. Bg3 Rg8 62. Bf4 Rg4 63. Bg5 Rg3+ 64. Ke4 Rxb3 65. Rb7+ Kc4 66. Rxb3 Kxb3 67. e6 1-0